[Event "Titled Tue 26th Aug Late"]
[Site "chess.com INT"]
[Date "2025.08.26"]
[Round "1"]
[White "Khadour, Ismael"]
[Black "Matlak, Oleksandr"]
[Result "1-0"]
[WhiteTitle "FM"]
[WhiteElo "1992"]
[BlackElo "2235"]
[WhiteFideId "7601930"]
[BlackFideId "148061879"]
[EventDate "2025.08.26"]

1. e4 c5 2. Nc3 Nc6 3. g3 Nf6 4. Bg2 g6 5. f4 d6 6. Nf3 Bg7 7. d3 O-O 8. O-O Rb8
9. a4 a6 10. Kh1 b5 11. axb5 axb5 12. Ne2 Bb7 13. h3 b4 14. Be3 Nd7 15. c3 Ra8
16. Qd2 Qc7 17. g4 Na5 18. Qc2 b3 19. Qd2 c4 20. Ned4 cxd3 21. Qxd3 Nc5 22. Nb5
Qc6 23. Bxc5 Qxc5 24. Nbd4 Nc4 25. Qe2 Ba6 26. Qf2 e5 27. Nxb3 Qxf2 28. Rxf2
exf4 29. Nbd4 Rfb8 30. Bf1 Rb6 31. Nd2 Nxd2 32. Rxd2 Bb7 33. Rxa8+ Bxa8 34. b4
Bxe4+ 35. Bg2 d5 36. Bxe4 dxe4 37. Kg2 f3+ 38. Kf2 Bh6 39. Ra2 Rb8 40. h4 Bf4
41. b5 Rc8 42. Ra3 Bd2 43. b6 Bxc3 44. Rxc3 Rxc3 45. b7 e3+ 46. Kxf3 e2+ 47.
Kxe2 1-0

[Event "Titled Tue 26th Aug Late"]
[Site "chess.com INT"]
[Date "2025.08.26"]
[Round "1"]
[White "Paduano, Claudio"]
[Black "Goldin, Roman"]
[Result "1-0"]
[WhiteTitle "FM"]
[BlackTitle "FM"]
[WhiteElo "2280"]
[BlackElo "2284"]
[WhiteFideId "2806393"]
[BlackFideId "2803860"]
[EventDate "2025.08.26"]

1. d4 Nf6 2. c4 Nc6 3. Nf3 d6 4. Nc3 Bg4 5. d5 Ne5 6. Nxe5 dxe5 7. h3 Bd7 8. e4
e6 9. Bd3 exd5 10. exd5 Bd6 11. O-O O-O 12. Bg5 h6 13. Bh4 g5 14. Bg3 Ne8 15.
Re1 Qe7 16. Qh5 Kg7 17. c5 f5 18. cxd6 cxd6 19. f4 Nf6 20. Qe2 e4 21. Bc2 Qf7
22. fxg5 hxg5 23. Bxd6 Rfe8 24. Qe3 Qg6 25. Qd4 Kh6 26. Rf1 Nh5 27. Be5 Re7 28.
d6 Ree8 29. g4 fxg4 30. Bxe4 Qe6 31. Bg7+ Nxg7 32. Rf6+ Kh5 33. Bg6+ Kh4 34.
Qf2+ g3 35. Qd4+ 1-0

[Event "Titled Tue 26th Aug Late"]
[Site "chess.com INT"]
[Date "2025.08.26"]
[Round "1"]
[White "Do Carmo, Gabriel Carckeno"]
[Black "Jin, Ashton"]
[Result "0-1"]
[WhiteElo "2051"]
[BlackElo "2196"]
[WhiteFideId "22783024"]
[BlackFideId "30931908"]
[EventDate "2025.08.26"]

1. c4 e5 2. Nc3 Nf6 3. Nf3 Nc6 4. e4 Bb4 5. d3 d6 6. a3 Bxc3+ 7. bxc3 O-O 8. g3
Bg4 9. Bg2 Nd7 10. h3 Bh5 11. g4 Bg6 12. Be3 Nc5 13. Rb1 Rb8 14. O-O a6 15. a4
Qd7 16. Nh4 Ne7 17. a5 Ne6 18. Nf5 Nc6 19. Ra1 f6 20. Qd2 h5 21. d4 Ncd8 22. d5
Nc5 23. Rab1 Nf7 24. Nh4 Bxe4 25. Bxc5 Bxb1 26. Rxb1 dxc5 27. gxh5 Ng5 28. Kh2
Rfe8 29. Rg1 e4 30. Ng6 Qf5 31. h4 Nf7 32. Bh3 Qxh5 33. Qf4 Ne5 34. Qg3 Nxg6 35.
Qxg6 Qxg6 36. Rxg6 e3 37. fxe3 Rxe3 38. Be6+ Kf8 39. h5 Re5 0-1

[Event "Titled Tue 26th Aug Late"]
[Site "chess.com INT"]
[Date "2025.08.26"]
[Round "1"]
[White "Chen, Yidong"]
[Black "Richter, Paul"]
[Result "0-1"]
[WhiteElo "2068"]
[BlackElo "2171"]
[WhiteFideId "8607028"]
[BlackFideId "2046350"]
[EventDate "2025.08.26"]

1. e4 c5 2. Nf3 d6 3. d4 cxd4 4. Nxd4 Nf6 5. Nc3 g6 6. Be3 Bg7 7. f3 O-O 8. Qd2
Nc6 9. O-O-O d5 10. Nxc6 bxc6 11. Bc4 e6 12. h4 Bb7 13. Bb3 Qe7 14. h5 c5 15.
Bh6 dxe4 16. Bxg7 Kxg7 17. hxg6 fxg6 18. Qh6+ Kg8 19. Nxe4 Bxe4 20. fxe4 Nxe4
21. Bxe6+ Kh8 22. Kb1 Nf2 23. Bd5 Rad8 24. Rde1 Qg7 25. Bb3 Nxh1 26. Qxh1 Rb8
27. Qh4 Qd4 28. Qxd4+ cxd4 29. a4 Rbd8 30. Bc4 Rf2 31. g4 Rf4 32. g5 Rf5 33. Re7
a5 34. Bb5 Rxg5 35. Ra7 h5 36. Rxa5 h4 37. Ra7 h3 38. Bc6 h2 39. b4 d3 40. cxd3
Rxd3 41. Re7 Rd2 42. Re1 Rg1 43. Kc1 Ra2 0-1

[Event "Titled Tue 26th Aug Late"]
[Site "chess.com INT"]
[Date "2025.08.26"]
[Round "1"]
[White "Dotzer, Lukas"]
[Black "Paichadze, Luka"]
[Result "0-1"]
[WhiteTitle "IM"]
[BlackTitle "GM"]
[WhiteElo "2472"]
[BlackElo "2520"]
[WhiteFideId "1666975"]
[BlackFideId "13602934"]
[EventDate "2025.08.26"]

1. Nf3 Nf6 2. g3 b5 3. Bg2 c5 4. O-O e6 5. d4 Bb7 6. a4 b4 7. a5 cxd4 8. Nxd4
Bxg2 9. Kxg2 Nc6 10. Nxc6 dxc6 11. Qxd8+ Rxd8 12. a6 Bc5 13. Nd2 Ke7 14. Nc4 Rd5
15. b3 Ne4 16. Bb2 f6 17. Rad1 Rhd8 18. Rd3 Nd6 19. Na5 Rc8 20. Rfd1 Bb6 21. Nc4
Nxc4 22. bxc4 Rxd3 23. exd3 c5 24. g4 e5 25. h4 Rc6 26. Re1 Kd7 27. g5 Bd8 28.
gxf6 gxf6 29. Ra1 Ke6 30. Kf3 h5 31. Ke3 Kf5 32. f3 Ke6 33. Ke4 f5+ 34. Ke3 Bxh4
35. Rg1 Rxa6 36. Rg6+ Bf6 37. f4 Kf7 38. Rh6 exf4+ 39. Kf3 Kg7 40. Rxh5 Bxb2 41.
Rxf5 Bd4 42. Rd5 Ra2 43. Rd7+ Kf6 44. Kxf4 a5 45. Ke4 Rxc2 46. Ra7 b3 47. Rxa5
b2 48. Rb5 Rc1 0-1

[Event "Titled Tue 26th Aug Late"]
[Site "chess.com INT"]
[Date "2025.08.26"]
[Round "1"]
[White "Piesik, Piotr"]
[Black "Bogaudinov, Rushan"]
[Result "1-0"]
[WhiteTitle "IM"]
[BlackTitle "FM"]
[WhiteElo "2427"]
[BlackElo "1912"]
[WhiteFideId "1136194"]
[BlackFideId "4129288"]
[EventDate "2025.08.26"]

1. Nf3 d5 2. g3 Nf6 3. Bg2 g6 4. O-O Bg7 5. d4 O-O 6. c4 c6 7. Nc3 dxc4 8. a4
Bg4 9. Ne5 Be6 10. e3 Nbd7 11. Nf3 h6 12. Qe2 a5 13. e4 Nb6 14. Rd1 Qc8 15. Ne5
Ng4 16. f4 Nxe5 17. dxe5 Bg4 18. Bf3 Bxf3 19. Qxf3 Rd8 20. Be3 Qc7 21. Qf2 Rxd1+
22. Rxd1 Nd7 23. Qd2 Nf8 24. Qd4 Ne6 25. Qxc4 Rd8 26. Rxd8+ Qxd8 27. Kf2 g5 28.
Ke2 Qd7 29. Qd3 Qxd3+ 30. Kxd3 gxf4 31. gxf4 f6 32. f5 Ng5 33. e6 Nf3 34. Bf4 h5
35. Ke3 Ne1 36. Ke2 Nc2 37. Kd2 Nb4 38. Ne2 Kh7 39. Kc3 b5 40. b3 Bh6 41. Bxh6
Kxh6 42. h4 Kg7 43. Nf4 Kh6 44. Ng6 Na2+ 45. Kd2 bxa4 46. bxa4 c5 47. Nxe7 Kg7
48. Nc6 c4 49. Nxa5 c3+ 50. Kc2 Kf8 51. Nc6 Ke8 52. a5 1-0

[Event "Titled Tue 26th Aug Late"]
[Site "chess.com INT"]
[Date "2025.08.26"]
[Round "1"]
[White "Erigaisi, Arjun"]
[Black "Pribelszky, Bence"]
[Result "1-0"]
[WhiteTitle "GM"]
[BlackTitle "IM"]
[WhiteElo "2776"]
[BlackElo "2428"]
[WhiteFideId "35009192"]
[BlackFideId "769738"]
[EventDate "2025.08.26"]

1. Nf3 d5 2. b3 Bg4 3. e3 e5 4. h3 Bxf3 5. Qxf3 Nf6 6. Bb2 Bd6 7. g3 O-O 8. Bg2
Nbd7 9. d3 c6 10. O-O a5 11. a3 b5 12. Nd2 Qb6 13. Kh1 a4 14. b4 c5 15. bxc5
Bxc5 16. Rfb1 Qe6 17. Qe2 Rfb8 18. e4 d4 19. f4 b4 20. axb4 Rxb4 21. Nc4 exf4
22. gxf4 Nd5 23. f5 Qe8 24. Qd2 Ne3 25. Nxe3 dxe3 26. Qc3 f6 27. e5 Rab8 28. e6
Bd4 29. Qxd4 Rxd4 30. Bxd4 Rxb1+ 31. Rxb1 Ne5 32. Bxe3 a3 33. Bd5 g6 34. Bc5
gxf5 35. e7+ Kg7 36. Rg1+ Kh6 37. Bxa3 Qh5 38. Bc1+ f4 39. Bxf4+ Qg5 40. Bxg5+ 1-0

[Event "Titled Tue 26th Aug Late"]
[Site "chess.com INT"]
[Date "2025.08.26"]
[Round "1"]
[White "Nicot, Valentin"]
[Black "Gustafsson, Jan"]
[Result "0-1"]
[WhiteTitle "CM"]
[BlackTitle "GM"]
[WhiteElo "2140"]
[BlackElo "2591"]
[WhiteFideId "651002477"]
[BlackFideId "4625498"]
[EventDate "2025.08.26"]

1. d4 Nf6 2. Nf3 d5 3. g3 c5 4. Bg2 cxd4 5. Nxd4 e5 6. Nf3 Nc6 7. O-O Be7 8. c4
d4 9. Nfd2 O-O 10. a3 a5 11. Ne4 Nxe4 12. Bxe4 Be6 13. Nd2 f5 14. Bg2 e4 15. Qb3
Qd7 16. Rd1 a4 17. Qc2 Ne5 18. b3 axb3 19. Nxb3 d3 20. exd3 Nxd3 21. Be3 Qa4 22.
Nd4 Qxc2 23. Nxc2 Bxc4 24. Rab1 b5 25. Nd4 Bc5 26. Nxb5 Bxe3 27. fxe3 Bxb5 28.
Rxb5 Rxa3 29. Rf1 g6 30. g4 f4 31. Bxe4 fxe3 32. Bd5+ Kg7 33. Rb7+ Kh6 34. Rxf8
e2 35. Re7 e1=Q+ 36. Rxe1 Nxe1 37. h4 Nd3 38. Rf7 Ne5 39. g5+ Kh5 40. Rxh7+ Kg4
41. Be6+ Kg3 42. Kf1 Re3 43. h5 Nd3 0-1

[Event "Titled Tue 26th Aug Late"]
[Site "chess.com INT"]
[Date "2025.08.26"]
[Round "1"]
[White "Winslow, Elliott"]
[Black "Fieberg, Samuel"]
[Result "0-1"]
[WhiteTitle "IM"]
[BlackTitle "FM"]
[WhiteElo "1976"]
[BlackElo "2157"]
[WhiteFideId "2002523"]
[BlackFideId "12901717"]
[EventDate "2025.08.26"]

1. d4 d5 2. c4 e6 3. Nc3 a6 4. Nf3 dxc4 5. e4 b5 6. a4 b4 7. Ne2 Bb7 8. Ng3 c5
9. Bxc4 cxd4 10. Qxd4 Nc6 11. Qe3 Qa5 12. O-O Nf6 13. h3 Bc5 14. Qg5 O-O 15. e5
Nd7 16. Bf4 Qd8 17. Qh5 Nd4 18. Ng5 h6 19. N5e4 Nf5 20. Rad1 g6 21. Qg4 Bxe4 22.
Nxe4 h5 23. Qf3 Nd4 24. Rxd4 Bxd4 25. Rd1 Qb6 26. Bh6 Nxe5 27. Qf6 Ng4 28. Qxd4
Qxd4 29. Rxd4 Nxh6 30. Be2 Rfd8 31. Rxb4 Rab8 32. Rxb8 Rxb8 33. Bxa6 Rxb2 34.
Bb5 Nf5 35. Nc5 Nd4 36. Bd7 Kf8 37. a5 Ke7 38. a6 Ra2 39. Bc8 Nc6 40. Bb7 Na7
41. Nd3 Ra5 42. g3 Kd6 43. Kg2 Rb5 44. Kf3 g5 45. h4 f6 46. hxg5 fxg5 47. Kg2
Rb3 48. Ne1 Kc5 0-1

[Event "Titled Tue 26th Aug Late"]
[Site "chess.com INT"]
[Date "2025.08.26"]
[Round "1"]
[White "Goncharov, Vladimir"]
[Black "Vachier-Lagrave, Maxime"]
[Result "0-1"]
[BlackTitle "GM"]
[WhiteElo "2077"]
[BlackElo "2736"]
[WhiteFideId "34162256"]
[BlackFideId "623539"]
[EventDate "2025.08.26"]

1. d4 Nf6 2. c4 e6 3. Nf3 d5 4. g3 Bb4+ 5. Nbd2 O-O 6. Qc2 c5 7. dxc5 d4 8. Bg2
Nc6 9. O-O Bxc5 10. a3 a5 11. b3 e5 12. Bb2 Re8 13. Ng5 h6 14. Nge4 Nxe4 15.
Nxe4 Bf5 16. Qc1 Be7 17. Rd1 Rc8 18. h3 Qb6 19. Rd3 Bg6 20. g4 Red8 21. Qd1 Nb8
22. Ng3 Na6 23. Be4 Nc5 24. Bxg6 Qxg6 25. f3 Nxd3 26. exd3 Bg5 27. Nf5 Qf6 28.
Kg2 Bf4 29. Bc1 g6 30. Ng3 Bxg3 31. Kxg3 g5 32. Bd2 Kg7 33. Qe2 Rh8 34. Re1 Rce8
35. Bxa5 h5 36. Kg2 hxg4 37. fxg4 Qc6+ 38. Qe4 Qxe4+ 39. Rxe4 f6 40. Re1 Kf7 41.
Bd2 Ke6 42. b4 Ra8 43. Bc1 b5 44. c5 Rh6 45. Rh1 Rah8 46. Bd2 Kd5 47. Bc1 R6h7
48. Bd2 f5 49. gxf5 g4 50. h4 Rxh4 51. Rxh4 Rxh4 52. f6 Rh5 53. Kg3 Rf5 54. Kxg4
Rxf6 55. Bg5 Rf1 0-1

[Event "Titled Tue 26th Aug Late"]
[Site "chess.com INT"]
[Date "2025.08.26"]
[Round "1"]
[White "Bulgak, Damir"]
[Black "Caruana, Fabiano"]
[Result "0-1"]
[WhiteTitle "CM"]
[BlackTitle "GM"]
[WhiteElo "2254"]
[BlackElo "2784"]
[WhiteFideId "13528882"]
[BlackFideId "2020009"]
[EventDate "2025.08.26"]

1. e4 c5 2. Nf3 e6 3. d4 cxd4 4. Nxd4 Nc6 5. Nc3 Bc5 6. Nb3 Bb4 7. Bd2 Nf6 8.
Bd3 O-O 9. O-O d6 10. a3 Bxc3 11. Bxc3 e5 12. Qe2 Be6 13. f4 exf4 14. Rxf4 Nd7
15. Raf1 Nde5 16. Kh1 f6 17. Nd4 Nxd4 18. Bxd4 a6 19. a4 Rc8 20. b3 Qe7 21. h3
Rfe8 22. Qe3 Bf7 23. R4f2 Bg6 24. Qg3 Kh8 25. Qh4 Qd7 26. Bc4 Nxc4 27. Rxf6 Kg8
28. bxc4 gxf6 29. Qxf6 Re5 30. Bxe5 dxe5 31. Qxe5 Re8 32. Qd5+ Qxd5 33. exd5
Bxc2 34. a5 Bb3 35. Rc1 Re4 36. d6 Ba4 37. Rb1 Bc6 38. c5 Kf7 39. Rc1 Ke6 40.
Kh2 Re2 41. Kg3 Rxg2+ 42. Kf4 Re2 43. Kg5 Re4 44. h4 Bd7 45. h5 Kd5 46. Kh6 Rh4 0-1

[Event "Titled Tue 26th Aug Late"]
[Site "chess.com INT"]
[Date "2025.08.26"]
[Round "1"]
[White "Barwinska, Ewa"]
[Black "Kavyev, Ruslan"]
[Result "1/2-1/2"]
[WhiteTitle "WFM"]
[BlackTitle "FM"]
[WhiteElo "2029"]
[BlackElo "2179"]
[WhiteFideId "21833761"]
[BlackFideId "34110981"]
[EventDate "2025.08.26"]

1. e4 c5 2. Nf3 e6 3. d4 cxd4 4. Nxd4 a6 5. c4 Nf6 6. Nc3 Qc7 7. Bd3 Bb4 8. O-O
Bxc3 9. bxc3 d6 10. f4 Nbd7 11. Qf3 O-O 12. Kh1 b6 13. Ba3 Bb7 14. Rae1 Nc5 15.
Bc2 Rfd8 16. f5 e5 17. Nb3 Rac8 18. Nd2 Bc6 19. g4 Nfd7 20. g5 Qb7 21. g6 Nf6
22. gxf7+ Qxf7 23. Rg1 Kh8 24. Nf1 Ncxe4 25. Bxe4 Nxe4 26. Rxe4 Bxe4 27. Qxe4
Rxc4 28. Qg2 Rxc3 29. Bb2 Rc7 30. Ng3 d5 31. Bxe5 Re7 32. Bd4 Rdd7 33. f6 gxf6
34. Nh5 Re5 35. Bxe5 fxe5 36. Nf6 Rd8 37. Ng4 Qf4 38. Qe2 e4 39. Qb2+ d4 40.
Qxb6 Qf3+ 41. Rg2 Qd1+ 42. Rg1 Qf3+ 43. Rg2 Qf1+ 44. Rg1 Qf3+ 1/2-1/2

[Event "Titled Tue 26th Aug Late"]
[Site "chess.com INT"]
[Date "2025.08.26"]
[Round "1"]
[White "Bachmann, Axel"]
[Black "Ferey, Antonin"]
[Result "1-0"]
[WhiteTitle "GM"]
[BlackTitle "CM"]
[WhiteElo "2578"]
[BlackElo "2256"]
[WhiteFideId "3700488"]
[BlackFideId "36051454"]
[EventDate "2025.08.26"]

1. Nf3 g6 2. e4 Bg7 3. d4 d6 4. Bc4 a6 5. Qe2 b5 6. Bb3 Bb7 7. Nbd2 e6 8. a4 b4
9. a5 Ne7 10. Nf1 O-O 11. Ng3 c5 12. Be3 Qc7 13. O-O Nd7 14. Rfd1 Rad8 15. Bc4
Ra8 16. Qd2 Nc6 17. dxc5 Nxa5 18. Bf1 d5 19. Qxb4 Nc6 20. Qa3 Nce5 21. Nxe5 Nxe5
22. exd5 Bxd5 23. Bd4 Rfd8 24. Qc3 Bb7 25. c6 Bxc6 26. Rxa6 Rxa6 27. Bxa6 Rxd4
28. Rxd4 Qb6 29. Be2 Qxd4 30. Qxd4 Nf3+ 31. Bxf3 Bxd4 32. Bxc6 Bxb2 33. c4 f5
34. Bd7 e5 35. c5 Kf7 36. c6 Ke7 37. Nf1 Kd6 38. Ne3 Bd4 39. Nc4+ Kc7 40. Na3
Bb6 41. Nb5+ Kd8 42. Be6 Ke7 43. Bg8 h6 44. c7 Kd7 45. Be6+ 1-0

[Event "Titled Tue 26th Aug Late"]
[Site "chess.com INT"]
[Date "2025.08.26"]
[Round "1"]
[White "Sakhayi, Mostafa"]
[Black "Rorrer, Grayson"]
[Result "0-1"]
[WhiteTitle "CM"]
[BlackTitle "IM"]
[WhiteElo "2166"]
[BlackElo "2426"]
[WhiteFideId "12512532"]
[BlackFideId "30944996"]
[EventDate "2025.08.26"]

1. d4 Nf6 2. c4 e6 3. Nc3 Bb4 4. e3 b6 5. Bd3 Bb7 6. Nf3 O-O 7. O-O Bxc3 8. bxc3
c5 9. Nd2 Nc6 10. f4 d6 11. Nf3 Re8 12. e4 d5 13. cxd5 exd5 14. e5 Ne4 15. Ng5
cxd4 16. Bxe4 dxe4 17. Qh5 h6 18. Qxf7+ Kh8 19. Qxb7 hxg5 20. Qxc6 Rc8 21. Qxe4
dxc3 22. fxg5 Kg8 23. g6 Rc5 24. Bf4 c2 25. Rac1 Qc8 26. Bg3 Rc4 27. Qd5+ Qe6
28. Qxe6+ Rxe6 29. Rf2 Rec6 30. Rd2 Kf8 31. Bh4 Rxh4 32. Rdxc2 Rxg6 33. Rc8+ Ke7
34. R1c7+ Ke6 35. Re8+ Kd5 36. Rxa7 Rb4 37. Rd7+ Ke4 38. h3 Rb2 39. g4 Rc6 40.
Rd1 Rcc2 41. e6 Rg2+ 42. Kf1 Rh2 43. Kg1 Rbg2+ 44. Kf1 Rxa2 45. Kg1 Rag2+ 46.
Kf1 Ke3 47. Re1+ Kf3 0-1

[Event "Titled Tue 26th Aug Late"]
[Site "chess.com INT"]
[Date "2025.08.26"]
[Round "1"]
[White "Garcia Cuenca, Victor"]
[Black "Bardyk, Artem"]
[Result "0-1"]
[WhiteTitle "FM"]
[BlackTitle "FM"]
[WhiteElo "2293"]
[BlackElo "2332"]
[WhiteFideId "2250829"]
[BlackFideId "34349979"]
[EventDate "2025.08.26"]

1. d4 d5 2. e3 Nf6 3. Nf3 Bf5 4. Bd3 Bg6 5. Ne5 e6 6. Nxg6 hxg6 7. Nd2 c5 8. c3
Nc6 9. Qe2 Rc8 10. h3 a6 11. dxc5 Bxc5 12. e4 d4 13. Nb3 Ba7 14. cxd4 Nxd4 15.
Nxd4 Bxd4 16. O-O Nh5 17. Kh2 Qd6+ 18. g3 O-O 19. Be3 Rfd8 20. Rad1 Qb6 21. Bxd4
Rxd4 22. Bb1 Rcd8 23. Rxd4 Qxd4 24. e5 Qd2 25. Re1 Qxe2 26. Rxe2 g5 27. Be4 b6
28. Kg2 g6 29. Rc2 Rd4 30. Bf3 Rb4 31. a3 Rb5 32. Be2 Rxe5 33. Bxa6 Nf6 34. Be2
Kg7 35. b4 Rd5 36. a4 Rd4 37. Rb2 Nd5 38. a5 bxa5 39. bxa5 Ra4 40. a6 f5 41.
Rb7+ Kf6 42. a7 Ne7 43. Bf3 Nc8 44. a8=Q Rxa8 45. Be2 Nd6 46. Rb6 Ke7 0-1

[Event "Titled Tue 26th Aug Late"]
[Site "chess.com INT"]
[Date "2025.08.26"]
[Round "1"]
[White "Arslanov, Shamil"]
[Black "Walentukiewicz, Michal"]
[Result "1-0"]
[WhiteTitle "IM"]
[BlackTitle "CM"]
[WhiteElo "2410"]
[BlackElo "2037"]
[WhiteFideId "4192826"]
[BlackFideId "1126903"]
[EventDate "2025.08.26"]

1. d4 g6 2. e4 Bg7 3. Nc3 c5 4. d5 d6 5. f4 Nf6 6. Nf3 O-O 7. e5 dxe5 8. fxe5
Ng4 9. Bf4 Nd7 10. Qe2 Qc7 11. O-O-O Ngxe5 12. Kb1 a6 13. h4 b5 14. Re1 b4 15.
Nxe5 Nxe5 16. Bxe5 Bxe5 17. Qxe5 Qxe5 18. Rxe5 bxc3 19. Rxe7 cxb2 20. Kxb2 Rb8+
21. Kc3 Rb1 22. g3 Bh3 23. Bg2 Rxh1 24. Bxh1 Rd8 25. Kc4 Bf1+ 26. Kxc5 Rc8+ 27.
Kd4 Rxc2 28. d6 Bb5 29. Bd5 Rd2+ 30. Ke5 Re2+ 31. Kd4 Rd2+ 32. Kc5 Rc2+ 33. Kb6
Rd2 34. Bxf7+ Kf8 35. Kc5 Rc2+ 36. Kb4 Rd2 37. a4 Rxd6 38. Ra7 Bf1 39. Bb3 Rf6
40. Rxh7 Rf3 41. Bd5 Rf5 42. Bb3 Ke8 43. a5 Rf3 44. Bd5 Rxg3 45. Kc5 Rc3+ 46.
Kd6 Re3 47. Rh8# 1-0

[Event "Titled Tue 26th Aug Late"]
[Site "chess.com INT"]
[Date "2025.08.26"]
[Round "1"]
[White "Popov, Tikhon"]
[Black "Schuster, Karsten"]
[Result "1-0"]
[WhiteTitle "FM"]
[BlackTitle "FM"]
[WhiteElo "2335"]
[BlackElo "2266"]
[WhiteFideId "24252026"]
[BlackFideId "4611071"]
[EventDate "2025.08.26"]

1. e4 d5 2. exd5 Qxd5 3. Nc3 Qd6 4. d4 c6 5. Nf3 Bg4 6. Be3 Nf6 7. h3 Bh5 8. g4
Bg6 9. Bg2 Nbd7 10. O-O e6 11. Qe2 Be7 12. Rad1 O-O 13. Nb1 Nd5 14. c4 Nxe3 15.
fxe3 Nf6 16. Nc3 Ne4 17. Nxe4 Bxe4 18. Ne5 Bxg2 19. Kxg2 Bf6 20. Nf3 Rad8 21. b3
c5 22. d5 exd5 23. Rxd5 Qc6 24. Rfd1 Rxd5 25. Rxd5 Re8 26. e4 g6 27. e5 Bg7 28.
Kf2 b6 29. Rd6 Qc7 30. Rd5 Qe7 31. Qe4 f6 32. h4 fxe5 33. Rd3 Rf8 34. Ke2 Qf7
35. Qd5 e4 36. Qxf7+ Rxf7 37. Rd8+ Rf8 38. Rxf8+ Kxf8 39. Ng5 Ke7 40. Nxh7 Ke6
41. Ng5+ Ke5 42. Nf7+ Kd4 43. h5 gxh5 44. gxh5 Kc3 45. Nd6 Kb2 46. Kd1 e3 47.
Nf5 Bh8 48. Nxe3 Kxa2 49. Kc2 Ka3 50. Nd5 Bg7 51. Ne7 a5 52. Nd5 a4 53. bxa4
Kxa4 54. Nxb6+ Kb4 55. Kd3 Bh6 56. Nd5+ Kb3 57. Nf6 Kb4 58. Ng4 Bg7 59. h6 Bd4
60. h7 Ka5 61. Ke4 Kb4 62. Kd5 Kc3 63. Nh6 Kd3 64. Nf7 Kc3 65. h8=Q Bxh8 66.
Nxh8 Kb4 67. Nf7 Ka5 68. Nd6 Ka6 69. Ne4 Kb7 70. Nxc5+ Kc7 71. Nd3 Kd7 72. Ne5+
Kc7 73. Nf3 Kd7 74. Ng5 Kc7 75. Nh3 Kd7 76. c5 Kc7 77. c6 Kd8 78. Kd6 Kc8 79. c7
Kb7 80. Kd7 1-0

[Event "Titled Tue 26th Aug Late"]
[Site "chess.com INT"]
[Date "2025.08.26"]
[Round "1"]
[White "Papasimakopoulos, Alexandros"]
[Black "Ferriz Barrios, Andres"]
[Result "1-0"]
[WhiteTitle "IM"]
[BlackTitle "FM"]
[WhiteElo "2361"]
[BlackElo "2102"]
[WhiteFideId "4244125"]
[BlackFideId "5104467"]
[EventDate "2025.08.26"]

1. d4 e6 2. c4 f5 3. g3 Nf6 4. Bg2 d5 5. Nf3 c6 6. O-O Bd6 7. Bf4 O-O 8. Ne5 Bc7
9. Nc3 Nfd7 10. Nxd7 Nxd7 11. Bxc7 Qxc7 12. e3 dxc4 13. b3 cxb3 14. Qxb3 Qd6 15.
a4 Rb8 16. a5 a6 17. Na4 Kh8 18. Rfc1 e5 19. Rd1 e4 20. Qa3 Qc7 21. Nb6 Re8 22.
Nc4 h6 23. Nd6 Rf8 24. Rac1 Qd8 25. Bh3 Nf6 26. Nc4 Be6 27. Ne5 Kh7 28. Rc5 Nd5
29. Rb1 Qe8 30. Qb2 Qh5 31. Bg2 Nf6 32. Qb6 Bd5 33. h3 Rfe8 34. Qc7 Qg5 35. Rxb7
Rxb7 36. Qxb7 h5 37. h4 Qh6 38. Qxa6 f4 39. gxf4 Ng4 40. Qb7 Qf6 41. Nxg4 hxg4
42. Qd7 Re7 43. Qxg4 Kg8 44. a6 Qd6 45. Ra5 Ra7 46. Qc8+ Kh7 47. Qf5+ Qg6 48.
Qxg6+ Kxg6 49. h5+ Kxh5 50. Bxe4 g5 51. Bxd5 cxd5 52. fxg5 Kxg5 53. Rxd5+ Kg4
54. Ra5 Kf3 55. Ra3 Rg7+ 56. Kf1 Rh7 57. e4+ Kxe4 58. a7 1-0

[Event "Titled Tue 26th Aug Late"]
[Site "chess.com INT"]
[Date "2025.08.26"]
[Round "1"]
[White "Maksimovic, Bojan"]
[Black "Khanbutaev, Artemii"]
[Result "0-1"]
[WhiteTitle "IM"]
[WhiteElo "2513"]
[BlackElo "2145"]
[WhiteFideId "14408120"]
[BlackFideId "55747175"]
[EventDate "2025.08.26"]

1. d4 Nf6 2. Bg5 e6 3. Nd2 Be7 4. e4 d6 5. Bd3 e5 6. c3 Nc6 7. d5 Nb8 8. h3 Nxd5
9. Bxe7 Nxe7 10. Ne2 O-O 11. O-O Nd7 12. f4 Nc5 13. Bc2 exf4 14. Nxf4 Ng6 15.
Nxg6 hxg6 16. Qf3 Qe7 17. Rae1 b6 18. Qg3 Bb7 19. e5 dxe5 20. Rxe5 Qd7 21. Nc4
Rae8 22. b4 Ne6 23. Rfe1 c5 24. b5 Bd5 25. Rd1 Nc7 26. Ne3 Rxe5 27. Qxe5 Qe6 28.
Qxe6 Bxe6 29. c4 a6 30. a4 axb5 31. cxb5 Rb8 32. Kf2 Kf8 33. Be4 Ke7 34. h4 Ne8
35. Bc2 Nd6 36. g3 Ra8 37. Kf3 c4 38. Kf4 Nb7 39. Nd5+ Bxd5 40. Rxd5 Nc5 41. Rd4
Nxa4 42. Rxc4 Nc5 43. Ke5 Rd8 44. Rc3 f6+ 45. Kf4 Rd4+ 46. Ke3 Rg4 47. Kf3 f5
48. Bd3 Rd4 49. Be2 Rg4 50. Kf2 Ne4+ 51. Kg2 Nxc3 0-1

[Event "Titled Tue 26th Aug Late"]
[Site "chess.com INT"]
[Date "2025.08.26"]
[Round "1"]
[White "Bluebaum, Matthias"]
[Black "Becking, Stephan"]
[Result "1-0"]
[WhiteTitle "GM"]
[BlackTitle "IM"]
[WhiteElo "2660"]
[BlackElo "2410"]
[WhiteFideId "24651516"]
[BlackFideId "4632478"]
[EventDate "2025.08.26"]

1. d4 d5 2. c4 c6 3. Nf3 Nf6 4. Nc3 e6 5. Qc2 Bb4 6. a3 Bxc3+ 7. Qxc3 O-O 8. e3
Nbd7 9. Be2 Re8 10. O-O Qe7 11. b3 e5 12. dxe5 Nxe5 13. Bb2 Nxf3+ 14. Bxf3 Be6
15. cxd5 Bxd5 16. Bxd5 cxd5 17. Rac1 h6 18. Rfd1 Red8 19. h3 Rd7 20. Qe5 Qxe5
21. Bxe5 Ne8 22. Rc2 Rad8 23. Rcd2 f6 24. Bg3 Kf7 25. Rc1 Ke6 26. Rd4 Nd6 27.
Bxd6 Rxd6 28. Kf1 Ra6 29. Rc7 Rd7 30. Rxd7 Kxd7 31. Rxd5+ Kc6 32. Rd3 Rxa3 33.
e4 a5 34. Ke2 a4 35. bxa4 Rxa4 36. Ke3 b5 37. f4 b4 38. Rd8 Ra7 39. Rb8 Kc5 40.
e5 fxe5 41. fxe5 Kd5 42. Rb5+ Ke6 43. Ke4 Ra2 44. Rb6+ Ke7 45. Rb7+ Kf8 46. g4
Ra3 47. Rxb4 Rxh3 48. Kf5 Re3 49. Rb7 Re1 50. Rb5 Re2 51. Kg6 Rg2 52. Rb4 Re2
53. Rb8+ Ke7 54. Kxg7 1-0

[Event "Titled Tue 26th Aug Late"]
[Site "chess.com INT"]
[Date "2025.08.26"]
[Round "1"]
[White "Chahin Godoy, Angel Eduardo"]
[Black "Yurovskykh, Oleksandr"]
[Result "1-0"]
[WhiteTitle "CM"]
[BlackTitle "FM"]
[WhiteElo "2002"]
[BlackElo "2379"]
[WhiteFideId "8404925"]
[BlackFideId "14134020"]
[EventDate "2025.08.26"]

1. e4 d5 2. exd5 Qxd5 3. Nc3 Qd8 4. Nf3 Bg4 5. h3 Bxf3 6. Qxf3 c6 7. Bc4 e6 8.
O-O Nd7 9. Re1 Ngf6 10. b3 Be7 11. Bb2 O-O 12. Rad1 Nd5 13. Ne4 N7f6 14. Qg3 g6
15. Qe5 Qb8 16. Qd4 e5 17. Qxe5 Qxe5 18. Bxe5 Rfe8 19. Nxf6+ Bxf6 20. Bxf6 Nxf6
21. Kf1 Kf8 22. Rxe8+ Rxe8 23. Re1 Rd8 24. Ke2 Ne4 25. d3 Nd6 26. a4 a5 27. Kd2
h5 28. Kc3 b6 29. Re5 Nf5 30. g4 hxg4 31. hxg4 Ne7 32. Re4 Nc8 33. Rf4 Nd6 34.
Rd4 Ke7 35. Rf4 g5 36. Rf3 Rh8 37. Re3+ Kf6 38. Rf3+ Ke7 39. Re3+ Kf6 40. Kd4
Rd8 41. Rf3+ Kg6 42. Ke5 Nxc4+ 43. bxc4 Re8+ 44. Kd6 Re2 45. Kxc6 Rxc2 46. Kxb6
Rb2+ 47. Kxa5 f6 48. c5 Kf7 49. d4 Ke6 50. Rf5 Rb1 51. d5+ Ke7 52. c6 Kd6 53.
Rxf6+ Kc5 54. c7 Kxd5 55. c8=Q 1-0